United States Cities With 10k+ Population - Statistics

General Stats
  • This quiz has been taken 17 times
  • The average score is 602 of 4117
Answers on the Map
Answers color-coded by a green-red scale on the quiz's map according to % correct below.
 
Answer Stats
State City % Correct
CO Denver
100%
CA Los Angeles
100%
MN Minneapolis
100%
KY Mount Washington
100%
NY New York
100%
AZ Phoenix
100%
CA San Francisco
100%
DC | IL | IN | +3 others Washington
100%
GA Atlanta
93%
MA Boston
93%
MN | NY Buffalo
93%
IL Chicago
93%
GA | OR | TX Dallas
93%
TX El Paso
93%
TX Houston
93%
NM | NV Las Vegas
93%
FL | OK Miami
93%
OK Oklahoma City
93%
PA Philadelphia
93%
ME | OR | TN | TX Portland
93%
CA | IN | KY | +2 others Richmond
93%
CA San Diego
93%
OR | UT Sandy
93%
CA San Jose
93%
WA Seattle
93%
NM Albuquerque
86%
AK Anchorage
86%
MN | TX Austin
86%
MD Baltimore
86%
ID Boise
86%
GA | IN | MS | +2 others Columbus
86%
MI Detroit
86%
TX Fort Worth
86%
CO | KY Louisville
86%
TN Memphis
86%
WI Milwaukee
86%
TN Nashville
86%
NV North Las Vegas
86%
RI Providence
86%
CA Sacramento
86%
UT Salt Lake City
86%
TX San Antonio
86%
PR | TX San Juan
86%
MO St. Louis
86%
FL Tampa
86%
AZ Tucson
86%
OK Tulsa
86%
VA Virginia Beach
86%
CA | GA | NY | OR Albany
79%
MT Billings
79%
ND Bismarck
79%
IL | SC | WV Charleston
79%
NC Charlotte
79%
WY Cheyenne
79%
MS | OH | TN Cleveland
79%
CO Colorado Springs
79%
IL | MD | MO | +3 others Columbia
79%
AK Fairbanks
79%
ND Fargo
79%
CT | WI Hartford
79%
PA Indiana
79%
IN Indianapolis
79%
MI | MO | MS | +2 others Jackson
79%
AL | AR | FL | +3 others Jacksonville
79%
GA Jefferson
79%
AK Juneau
79%
KS | MO Kansas City
79%
OR Milwaukie
79%
NE Omaha
79%
CA | KS Pittsburg
79%
MI | MN | NH | NY Rochester
79%
SD Sioux Falls
79%
TX Spring
79%
IL | MA | MO | +4 others Springfield
79%
MN St. Paul
79%
NY | UT Syracuse
79%
OH Akron
71%
TX Amarillo
71%
TX Anna
71%
GA | ME Augusta
71%
CO | IL | OH Aurora
71%
LA Baker
71%
CA Bakersfield
71%
LA Baton Rouge
71%
CA Carson
71%
NV Carson City
71%
OH Cincinnati
71%
OH Green
71%
NC | PA Harrisburg
71%
AL | MT Helena
71%
HI Honolulu
71%
FL Key West
71%
TN Knoxville
71%
CA | IL | NE Lincoln
71%
AL | IL | OH Montgomery
71%
LA New Orleans
71%
NC Raleigh
71%
NV Reno
71%
PR Río Grande
71%
CA | OH Riverside
71%
NM | TX Santa Fe
71%
MN St. Peter
71%
FL Tallahassee
71%
KS Wichita
71%
PA York
71%
TN | TX | VA | WA Arlington
64%
NC Asheville
64%
ME Bangor
64%
CA Bell
64%
OR Bend
64%
CO Boulder
64%
MT Bozeman
64%
CT Bridgeport
64%
FL | TX Brownsville
64%
IA | KY | NC | +3 others Burlington
64%
NV | OH Dayton
64%
IA | WA Des Moines
64%
DE | NH | NJ | OH Dover
64%
FL Fort Lauderdale
64%
CA | TX Fresno
64%
WI Green Bay
64%
ID Idaho Falls
64%
AR Little Rock
64%
AL | IN | MS | +2 others Madison
64%
TX McAllen
64%
AZ Mesa
64%
AL Mobile
64%
CA | DE | NJ | OH Newark
64%
FL Orlando
64%
MA | OH | OR | +2 others Salem
64%
GA Savannah
64%
IA Sioux City
64%
WA Spokane
64%
CA Stockton
64%
MO St. Peters
64%
FL St. Petersburg
64%
OH Toledo
64%
KS Topeka
64%
TX Waco
64%
NC Winston-Salem
64%
KY | LA | MN | VA Alexandria
57%
TX Allen
57%
CA Anaheim
57%
MD Annapolis
57%
MI Ann Arbor
57%
NJ Atlantic City
57%
NE | WA | WI Bellevue
57%
MA Beverly
57%
AL | MI Birmingham
57%
KY | OH Bowling Green
57%
OK Broken Arrow
57%
NY | OH Brooklyn
57%
TN Chattanooga
57%
ID Coeur d'Alene
57%
CA | MO | NC | NH Concord
57%
FL | IA Davenport
57%
GA | MN Duluth
57%
CO | PA Erie
57%
CO | GA Evans
57%
MA | WA Everett
57%
AR | GA | NC Fayetteville
57%
MI Flint
57%
CO Fort Collins
57%
FL Fort Myers
57%
IN Gary
57%
MI | MN Grand Rapids
57%
KY | NC | NV | TX Henderson
57%
IN | VA | WV Huntington
57%
CA Huntington Beach
57%
AL | TX Huntsville
57%
OH | WA Kent
57%
CA | OH | PA | TX Lancaster
57%
IL | KS | MI Lansing
57%
TX Laredo
57%
KY | NC | NE | SC Lexington
57%
TX Lubbock
57%
IL | KS | NY Manhattan
57%
ND Minot
57%
CT | IN New Haven
57%
KY | OR | RI Newport
57%
NE | VA Norfolk
57%
CA | NJ Oakland
57%
WA Olympia
57%
AZ | IL Peoria
57%
SD Pierre
57%
PA Pittsburgh
57%
UT Provo
57%
SD Rapid City
57%
IL Rockford
57%
PA Scranton
57%
NV Sparks
57%
WA Tacoma
57%
AL | IL | MI | +3 others Troy
57%
MA Worcester
57%
NY Yonkers
57%
PA Allentown
50%
IA Ames
50%
WI Appleton
50%
AL | CA | IN | +3 others Auburn
50%
DE Bear
50%
CA | IL | IN | MN Bloomington
50%
AR | NJ Camden
50%
FL Cape Coral
50%
IA Cedar Rapids
50%
CA Chula Vista
50%
TX Corpus Christi
50%
NC Durham
50%
HI East Honolulu
50%
WI Eau Claire
50%
IN Evansville
50%
AZ Flagstaff
50%
IN Fort Wayne
50%
FL | GA | TX | VA Gainesville
50%
CO Grand Junction
50%
NC Greensboro
50%
MS | NC | OH | +3 others Greenville
50%
FL | MS Gulfport
50%
HI Hilo
50%
NJ Jersey City
50%
CA | CO | IN | LA Lafayette
50%
OK Lawton
50%
MO | NH | TN | VA Manchester
50%
NV | TX Mesquite
50%
MT Missoula
50%
SC Myrtle Beach
50%
SC North Charleston
50%
UT Ogden
50%
IL | TX Plano
50%
CA San Bernardino
50%
CA Santa Barbara
50%
CA Santa Clarita
50%
LA Shreveport
50%
IN South Bend
50%
WA Spokane Valley
50%
CT Stamford
50%
UT St. George
50%
AZ Tempe
50%
MI | NJ | OH Trenton
50%
ID Twin Falls
50%
TX Tyler
50%
WA Vancouver
50%
DE | NC | OH Wilmington
50%
MD | SD | WA Aberdeen
43%
AL | GA | OH | +2 others Athens
43%
CA | TX Beaumont
43%
WA Bellingham
43%
CA Berkeley
43%
PA Bethlehem
43%
CA | MI Beverly Hills
43%
MS Biloxi
43%
FL Boca Raton
43%
CA | IL Burbank
43%
GA | IL | MS | OH Canton
43%
WY Casper
43%
VA Chesapeake
43%
IN | TN Clarksville
43%
AK College
43%
FL Daytona Beach
43%
NC Eden
43%
NJ Elizabeth
43%
NV Elko
43%
OR Eugene
43%
IL | WY Evanston
43%
MI | MN | MO | +2 others Farmington
43%
AR Fort Smith
43%
IN | KY | OH | +2 others Franklin
43%
CA | NE | OH Fremont
43%
ND Grand Forks
43%
TX Grand Prairie
43%
MT | VA Great Falls
43%
FL Hollywood
43%
IA Iowa City
43%
MO Jefferson City
43%
NY | TN Johnson City
43%
MT Kalispell
43%
WI La Crosse
43%
ID | ME Lewiston
43%
OH London
43%
CA | MS | NY Long Beach
43%
GA Macon
43%
MA | NY | OR Medford
43%
ID Moscow
43%
ID Nampa
43%
VA Newport News
43%
NY Niagara Falls
43%
CA | OR Ontario
43%
CA | FL Palm Springs
43%
CA Palo Alto
43%
NV Paradise
43%
KY | TN | TX Paris
43%
RI Pawtucket
43%
MS Pearl
43%
FL Pensacola
43%
IN | MN Plymouth
43%
ID Pocatello
43%
NY Queens
43%
OH | PA Reading
43%
TX | VA Roanoke
43%
GA | NY Rome
43%
CA | MI | MN Roseville
43%
CA | OR Santa Clara
43%
CA Santa Monica
43%
CA Santa Rosa
43%
MI Sault Ste. Marie
43%
AZ Scottsdale
43%
AZ Yuma
43%
TX Abilene
36%
CA | TX Alamo
36%
IN | OH Avon
36%
AZ Avondale
36%
OR Beaverton
36%
IN | OH | TX Bedford
36%
CT | TN | VA Bristol
36%
MD | MN Brooklyn Park
36%
TX Bryan
36%
AZ Buckeye
36%
MT Butte
36%
MA | MD | MN | OH Cambridge
36%
AZ Chandler
36%
PA | VA Chester
36%
CA Chico
36%
CA Compton
36%
CT Danbury
36%
MI Dearborn
36%
OH Dent
36%
TX Denton
36%
AL Dothan
36%
CA | GA | OH Dublin
36%
IA Dubuque
36%
ID Eagle
36%
RI East Providence
36%
TX Edinburg
36%
IL | TX Elgin
36%
CA Fontana
36%
CO | MD Frederick
36%
TX Galveston
36%
GA | KY | TX Georgetown
36%
AZ Gilbert
36%
WY Gillette
36%
AZ | CA | WI Glendale
36%
NE Grand Island
36%
VA Hampton
36%
AR | NJ | NY | +2 others Harrison
36%
FL Hialeah
36%
FL | OH | WI Hudson
36%
CA Inglewood
36%
TX Irving
36%
NY Ithaca
36%
ND | NY Jamestown
36%
MO Joplin
36%
LA Lake Charles
36%
CA | CO | OH | WA Lakewood
36%
WY Laramie
36%
NM Las Cruces
36%
IN | KS | MA Lawrence
36%
UT Lehi
36%
UT Logan
36%
OH Lorain
36%
VA Lynchburg
36%
OH Mack
36%
ID | MS Meridian
36%
FL Miami Beach
36%
MI | TX Midland
36%
CA Modesto
36%
GA | LA | MI | +4 others Monroe
36%
OK Moore
36%
TN Murfreesboro
36%
CA Napa
36%
NH Nashua
36%
MA New Bedford
36%
IN | PA New Castle
36%
OK | WA Newcastle
36%
CT New London
36%
NY New Rochelle
36%
OK Norman
36%
FL North Miami
36%
CA | NY Oceanside
36%
TX Odessa
36%
CA | TX Orange
36%
UT Orem
36%
MO Overland
36%
KS Overland Park
36%
KY Owensboro
36%
CA Oxnard
36%
OH Parma
36%
CA | MD | TX Pasadena
36%
NJ Paterson
36%
CA Patterson
36%
MA Pittsfield
36%
NH | OH | VA Portsmouth
36%
CO Pueblo
36%
CA Redding
36%
MD Rockville
36%
GA | NM Roswell
36%
GA Sandy Springs
36%
WV South Charleston
36%
CO | IL | VA Sterling
36%
MI Sterling Heights
36%
MN | OK Stillwater
36%
MO St. Joseph
36%
SC Sumter
36%
AZ Surprise
36%
AR | TX Texarkana
36%
AL Tuscaloosa
36%
NY Utica
36%
MN | TX Victoria
36%
CT Waterbury
36%
IA | IL Waterloo
36%
ND West Fargo
36%
UT West Jordan
36%
UT West Valley City
36%
NY White Plains
36%
PA Wilkes-Barre
36%
WA Yakima
36%
OH Youngstown
36%
OK Ada
29%
GA Alpharetta
29%
IA | PA Altoona
29%
CA | IN | SC Anderson
29%
CA | IL Antioch
29%
CA | MN Apple Valley
29%
IL Arlington Heights
29%
CO Arvada
29%
NY | PA Baldwin
29%
CA Baldwin Park
29%
TX Baytown
29%
IL Belleville
29%
AR Benton
29%
MO Blue Springs
29%
LA Bossier City
29%
MD Bowie
29%
FL | MS | SD Brandon
29%
CO Brighton
29%
NY Bronx
29%
GA | OH Brunswick
29%
ID Caldwell
29%
MD California
29%
IN Carmel
29%
CO Centennial
29%
IL Champaign
29%
VA Charlottesville
29%
CA Chino
29%
FL Clearwater
29%
IA | MD | MS | +2 others Clinton
29%
TX College Station
29%
FL Coral Springs
29%
GA | KY | LA | WA Covington
29%
RI Cranston
29%
MI Dearborn Heights
29%
AL | GA | IL Decatur
29%
IN East Chicago
29%
MI East Lansing
29%
IL East St. Louis
29%
NC Elizabeth City
29%
CA Elk Grove
29%
OH Elyria
29%
CA | MO Eureka
29%
WA Federal Way
29%
IN Fishers
29%
AL | AZ | KY | SC Florence
29%
CA Florin
29%
IL | IN | KY Frankfort
29%
MD Gaithersburg
29%
TX Garland
29%
MD Hagerstown
29%
OH Hamilton
29%
IN | LA Hammond
29%
OR Hillsboro
29%
AL Hoover
29%
SD Huron
29%
KY | MO | OR Independence
29%
CA Irvine
29%
WI Janesville
29%
IL Joliet
29%
AR Jonesboro
29%
MI Kalamazoo
29%
WI Kenosha
29%
TX Killeen
29%
FL | TN Lakeland
29%
IN | MO | NH | +4 others Lebanon
29%
MO Lee's Summit
29%
OH Lima
29%
AR | IN | MA Lowell
29%
MA Lynn
29%
TN Martin
29%
CA | OH | WA Marysville
29%
TX McKinney
29%
FL Melbourne
29%
IN Michigan City
29%
DE Milford
29%
MN Moorhead
29%
WV Morgantown
29%
IL | NY | OH | +2 others Mount Vernon
29%
IN Muncie
29%
CT New Britain
29%
IA | KS | MA | NC Newton
29%
CA | CT | IA | OH Norwalk
29%
CT Norwich
29%
KS Olathe
29%
WI Oshkosh
29%
AL | MS | OH Oxford
29%
CA Palmdale
29%
FL Panama City
29%
CO | SC Parker
29%
TX Pearland
29%
HI Pearl City
29%
FL Pembroke Pines
29%
NY Poughkeepsie
29%
IL | MA Quincy
29%
WI Racine
29%
WA Renton
29%
ID Rexburg
29%
NM Rio Rancho
29%
KS Salina
29%
TX San Angelo
29%
AZ San Luis
29%
CA Santa Ana
29%
CA Santa Cruz
29%
CA Santa Maria
29%
IL Schaumburg
29%
DE | GA | TN Smyrna
29%
VT South Burlington
29%
AR | NJ | OH Springdale
29%
NY Staten Island
29%
IL | MO St. Charles
29%
VA Suffolk
29%
TX Sugar Land
29%
MI | TX Taylor
29%
TX Temple
29%
TX Texas City
29%
NJ The Hills
29%
CA Thousand Oaks
29%
MS Tupelo
29%
MO Union
29%
CA | GA | NJ | TN Union City
29%
CA Vacaville
29%
MS Vicksburg
29%
MI | OH Warren
29%
IN Warsaw
29%
RI Warwick
29%
NY | SD | WI Watertown
29%
IL Waukegan
29%
FL | IL Westchester
29%
PA West Chester
29%
IA West Des Moines
29%
FL West Palm Beach
29%
TX Wichita Falls
29%
VA Williamsburg
29%
ND Williston
29%
MI Wyoming
29%
OH Xenia
29%
NM Alamogordo
21%
AL Albertville
21%
CA Alhambra
21%
MI Alpena
21%
IA Ankeny
21%
AZ Apache Junction
21%
NC Apex
21%
MI Auburn Hills
21%
FL Aventura
21%
CA Barstow
21%
MI | TX Bay City
21%
NJ Bayonne
21%
WV Beckley
21%
MT Belgrade
21%
MN Bemidji
21%
AR Bentonville
21%
NY Binghamton
21%
MN Blaine
21%
FL Boynton Beach
21%
FL Bradenton
21%
MO Branson
21%
MA Brockton
21%
SD Brookings
21%
CO Broomfield
21%
AR Bryant
21%
CA Buena Park
21%
MI Burton
21%
PR Carolina
21%
CA Cathedral City
21%
NC Chapel Hill
21%
MO Chesterfield
21%
IL Cicero
21%
CA Citrus
21%
CA Citrus Heights
21%
CA | NH Claremont
21%
WY Cody
21%
CA Corona
21%
OR Corvallis
21%
CA Covina
21%
MD Cumberland
21%
CA Daly City
21%
CA | IL | IN | +2 others Danville
21%
NC Davidson
21%
CA Davis
21%
FL Delray Beach
21%
FL Deltona
21%
ND | TX Dickinson
21%
OK Edmond
21%
KY | PA Elizabethtown
21%
OK Enid
21%
AL | NV Enterprise
21%
CA Escondido
21%
MO Florissant
21%
TX | VA Fredericksburg
21%
TX Frisco
21%
CA | PA Fullerton
21%
GA | ID | KS | +3 others Garden City
21%
NJ Garfield
21%
MD | TN | WI Germantown
21%
DE | KY Glasgow
21%
CO Golden
21%
AZ Goodyear
21%
IN | MS | SC Greenwood
21%
OR Gresham
21%
VA Harrisonburg
21%
MS Hattiesburg
21%
NC Hickory
21%
NC High Point
21%
SC Hilton Head Island
21%
LA Houma
21%
CA Indio
21%
IN Jeffersonville
21%
GA Johns Creek
21%
IA Johnston
21%
CO | PA Johnstown
21%
FL Jupiter
21%
CA Jurupa Valley
21%
HI Kahului
21%
HI Kailua
21%
TX Katy
21%
MO | NE Kearney
21%
NJ Kearny
21%
WA Kennewick
21%
TN Kingsport
21%
NY | PA Kingston
21%
WA Kirkland
21%
FL Kissimmee
21%
AZ Lake Havasu City
21%
FL | MD Largo
21%
FL Lauderhill
21%
UT Layton
21%
MI Livonia
21%
CA | NJ Lodi
21%
TX | WA Longview
21%
CO | OH Loveland
21%
CA Madera
21%
CA Malibu
21%
ND Mandan
21%
CA Manhattan Beach
21%
OH | TX Mansfield
21%
MN Maplewood
21%
AZ Maricopa
21%
GA | OH Marietta
21%
MI Marquette
21%
MN | MO | TX Marshall
21%
OH Medina
21%
LA Metairie
21%
FL Miami Gardens
21%
CT | DE | NY | OH Middletown
21%
OK Midwest City
21%
FL | GA Milton
21%
FL Miramar
21%
SD Mitchell
21%
IL Moline
21%
MI | SC | TX | WI Mount Pleasant
21%
IL Naperville
21%
FL Naples
21%
WI New Berlin
21%
TX New Braunfels
21%
IL Normal
21%
IL North Chicago
21%
AR North Little Rock
21%
FL North Miami Beach
21%
FL North Port
21%
AL Northport
21%
CA Novato
21%
NJ Ocean City
21%
IL | MO O'Fallon
21%
IL | KS Ottawa
21%
FL Palm Coast
21%
WV Parkersburg
21%
WA Pasco
21%
CA Pomona
21%
FL Pompano Beach
21%
IN | MI | WI Portage
21%
AZ Prescott
21%
FL | NJ | TX Princeton
21%
CA Rancho Cucamonga
21%
OR | WA Redmond
21%
CA Redondo Beach
21%
TX Richardson
21%
MN | WI Richfield
21%
WA Richland
21%
SC Rock Hill
21%
TX Roma
21%
TX Round Rock
21%
VT Rutland
21%
MI | TX Saginaw
21%
MD | NC | NY Salisbury
21%
WA Sammamish
21%
CA San Buenaventura
21%
OH Sandusky
21%
FL Sarasota
21%
NY Schenectady
21%
WY Sheridan
21%
MD Silver Spring
21%
CA Simi Valley
21%
MO Smithville
21%
MA | NJ Somerville
21%
MS Southaven
21%
MI Southfield
21%
GA South Fulton
21%
UT South Jordan
21%
CA South San Francisco
21%
NE South Sioux City
21%
SD Spearfish
21%
FL | TN Spring Hill
21%
PA State College
21%
FL St. Augustine
21%
FL | MN St. Cloud
21%
NY St. James
21%
IN St. John
21%
SC Summerville
21%
FL Sunrise
21%
MA Taunton
21%
IN Terre Haute
21%
TX The Woodlands
21%
CO Thornton
21%
CA Torrance
21%
MI Traverse City
21%
FL University
21%
CA Victorville
21%
WA Walla Walla
21%
GA Warner Robins
21%
WI Waukesha
21%
WI Wausau
21%
CO | FL Wellington
21%
IL West Chicago
21%
CA West Covina
21%
CA West Hollywood
21%
AR West Memphis
21%
CA | CO | MD Westminster
21%
NJ West New York
21%
FL | WI Weston
21%
CA | CO Windsor
21%
MN | NJ | NY Woodbury
21%
CA Woodland
21%
RI Woonsocket
21%
CA Yuba City
21%
OH Zanesville
21%
GA Acworth
14%
IL | TX Addison
14%
CA Agoura Hills
14%
CA Alameda
14%
AL Alexander City
14%
OR Aloha
14%
NY Amsterdam
14%
TX Andrews
14%
AL Anniston
14%
MN Anoka
14%
CA Arcadia
14%
OK | PA Ardmore
14%
KS Arkansas City
14%
CA Arroyo Grande
14%
CA | KY | OH | OR Ashland
14%
OH Ashtabula
14%
KS Atchison
14%
FL Atlantic Beach
14%
FL Auburndale
14%
OH Avon Lake
14%
CA Azusa
14%
WI Baraboo
14%
IL | TN Bartlett
14%
IL | NY Batavia
14%
MI Battle Creek
14%
OH Beavercreek
14%
CA Bellflower
14%
FL Bellview
14%
CA | NC Belmont
14%
KY | OH | SC Berea
14%
AL Bessemer
14%
PA Bethel Park
14%
IA Bettendorf
14%
ME Biddeford
14%
OK Bixby
14%
VA Blacksburg
14%
FL | IL Bloomingdale
14%
CA Blythe
14%
IL Bolingbrook
14%
IA | NC Boone
14%
NV Boulder City
14%
IL Bradley
14%
GA | MS Brookhaven
14%
MN Brooklyn Center
14%
TX Buda
14%
IL Buffalo Grove
14%
AZ Bullhead City
14%
MN Burnsville
14%
PA Butler
14%
GA Cairo
14%
CA Calabasas
14%
CA Calexico
14%
CA California City
14%
CA Camarillo
14%
MO Cape Girardeau
14%
CA | NM Carlsbad
14%
GA | TX Carrollton
14%
GA Cartersville
14%
IL | NC Cary
14%
UT Cedar City
14%
IA Cedar Falls
14%
LA Central
14%
IL Chicago Heights
14%
OH Chillicothe
14%
CA Chino Hills
14%
MS Clarksdale
14%
GA Clarkston
14%
SC Clemson
14%
OH Cleveland Heights
14%
CO | NJ Clifton
14%
CA | NM Clovis
14%
GA | MD College Park
14%
CO Columbine
14%
CA Commerce
14%
TX Conroe
14%
AR | FL | SC Conway
14%
IA Council Bluffs
14%
CA Cupertino
14%
FL Davie
14%
IL Deerfield
14%
FL Deerfield Beach
14%
FL DeLand
14%
CA Delano
14%
OH Delaware
14%
MN Detroit Lakes
14%
KS Dodge City
14%
AZ | GA Douglas
14%
CA Downey
14%
CO Durango
14%
MN Eagan
14%
MI East Grand Rapids
14%
FL East Lake
14%
OH Eastlake
14%
CA East Los Angeles
14%
MD | PA Easton
14%
MN Eden Prairie
14%
MN Edina
14%
WA Edmonds
14%
CO Edwards
14%
CA El Cajon
14%
CA El Centro
14%
NY Elmont
14%
CA El Monte
14%
MN | WV Fairmont
14%
CA | NJ | OR | +2 others Fairview
14%
MA Fall River
14%
MI Farmington Hills
14%
OH Findlay
14%
TX Flower Mound
14%
CA Folsom
14%
WI Fond du Lac
14%
VA Forest
14%
MD | OH Forestville
14%
CA Gardena
14%
CA Garden Grove
14%
OH Garfield Heights
14%
NC Gastonia
14%
MD Glenn Dale
14%
MN Golden Valley
14%
SC Goose Creek
14%
NC | WA Graham
14%
MI Grand Haven
14%
MI Grandville
14%
TX Grapevine
14%
CO Greeley
14%
CA | IN | WI Greenfield
14%
WY Green River
14%
SC Greer
14%
TX Harlingen
14%
MN | NE Hastings
14%
MA Haverhill
14%
CA | NJ Hawthorne
14%
NC | TN Hendersonville
14%
CA Hesperia
14%
FL Homestead
14%
MN Hopkins
14%
KY Hopkinsville
14%
AR Hot Springs
14%
CA Huntington Park
14%
KS | MN Hutchinson
14%
NY Jericho
14%
HI Kaneohe
14%
FL Kendall
14%
LA Kenner
14%
MD | OH Kettering
14%
AZ Kingman
14%
GA Kingsland
14%
TX Kyle
14%
CA La Habra
14%
CA | IL Lake Forest
14%
CA | FL | VA Lakeside
14%
MN Lakeville
14%
CA La Verne
14%
TX League City
14%
AL Leeds
14%
FL | VA Leesburg
14%
KS Lenexa
14%
NC | TX Lewisville
14%
CA Linda
14%
CA Livermore
14%
CO Longmont
14%
IL Lyons
14%
MA Malden
14%
WI Manitowoc
14%
MN Mankato
14%
MN Maple Grove
14%
OH Maple Heights
14%
AZ Marana
14%
WI Marinette
14%
AR | IA | IL | +2 others Marion
14%
CA | GA Martinez
14%
WV Martinsburg
14%
IN | NJ | VA Martinsville
14%
OH Mason
14%
SC Mauldin
14%
OH Maumee
14%
CA Merced
14%
MO Mexico
14%
MN Minnetonka
14%
TX Mission
14%
CA Mission Viejo
14%
TX Missouri City
14%
CA Montebello
14%
CA Monterey
14%
CA Moreno Valley
14%
IL Morris
14%
CA Mountain View
14%
CA Murrieta
14%
CA National City
14%
CA Newport Beach
14%
IN Noblesville
14%
OR North Bend
14%
MN Northfield
14%
FL North Lauderdale
14%
NE North Platte
14%
OH North Royalton
14%
MI Novi
14%
CA | MN Oakdale
14%
CA Oakley
14%
FL Ocala
14%
MS Olive Branch
14%
SC Orangeburg
14%
OH | WI Oregon
14%
IL Orland Park
14%
TX Palestine
14%
FL Palm Bay
14%
FL Palm Beach Gardens
14%
CA Palm Desert
14%
CA Paramount
14%
FL | WA Parkland
14%
NJ Passaic
14%
VA Petersburg
14%
AL Phenix City
14%
AR Pine Bluff
14%
FL Pinewood
14%
FL Plantation
14%
PR Ponce
14%
IL | MI Pontiac
14%
TX Port Arthur
14%
FL Port St. Lucie
14%
OH | TN Powell
14%
AZ Prescott Valley
14%
AZ Queen Creek
14%
CA Rancho Santa Margarita
14%
MD Redland
14%
CA Redlands
14%
CA Redwood City
14%
MA Revere
14%
CA Rialto
14%
OH Richmond Heights
14%
UT | WY Riverton
14%
TX Robinson
14%
MI Rochester Hills
14%
TX Rockport
14%
VA Rockwood
14%
NC Rocky Mount
14%
AR | MN Rogers
14%
NY Roosevelt
14%
UT Roy
14%
CA Salinas
14%
CA San Leandro
14%
CA San Luis Obispo
14%
CA | TX San Marcos
14%
CA San Rafael
14%
CA San Ramon
14%
AZ San Tan Valley
14%
GA Scottdale
14%
KS | OK Shawnee
14%
WI Sheboygan
14%
NC Shelby
14%
TX Sherman
14%
IL Skokie
14%
KY | NJ Somerset
14%
CA South Gate
14%
MI Southgate
14%
ME South Portland
14%
SC Spartanburg
14%
NC Spring Lake
14%
CA | NV | NY Spring Valley
14%
SC St. Andrews
14%
CA Stanford
14%
CA Stanton
14%
ID Star
14%
VA Staunton
14%
MN St. Louis Park
14%
MN St. Michael
14%
OH Strongsville
14%
CA Sunnyvale
14%
NV Sunrise Manor
14%
CA Susanville
14%
WI Sussex
14%
OH Sylvania
14%
FL Tamarac
14%
CA Temecula
14%
FL The Villages
14%
GA | NC Thomasville
14%
FL Titusville
14%
CA Tracy
14%
CA Truckee
14%
CA Tulare
14%
OH Twinsburg
14%
OH University Heights
14%
TX University Park
14%
IL | MD | OH Urbana
14%
CA Vallejo
14%
FL Venice
14%
SD Vermillion
14%
VA | WV Vienna
14%
NJ Vineland
14%
CA Vista
14%
NC Wake Forest
14%
MD Waldorf
14%
MI Wayne
14%
PA | VA Waynesboro
14%
NC Waynesville
14%
WV Weirton
14%
WI West Bend
14%
CT | UT West Haven
14%
IN West Lafayette
14%
OH Westlake
14%
MI Westland
14%
FL West Park
14%
CA West Sacramento
14%
IL | WV Wheeling
14%
NC Wilson
14%
KY | NV | VA Winchester
14%
FL Winter Haven
14%
NC Winterville
14%
IL Worth
14%
SD Yankton
14%
IL Yorkville
14%
LA Zachary
14%
MI Adrian
7%
PR Aguadilla
7%
SC Aiken
7%
WA Airway Heights
7%
AL Alabaster
7%
NC Albemarle
7%
MN Albert Lea
7%
IL Algonquin
7%
TX Alice
7%
CA Aliso Viejo
7%
MI Allendale
7%
MI Allen Park
7%
OH Alliance
7%
WI Allouez
7%
CA | UT Alpine
7%
CA Altadena
7%
OR Altamont
7%
FL Altamonte Springs
7%
IL | TX Alton
7%
OK Altus
7%
CA American Canyon
7%
UT American Fork
7%
GA Americus
7%
ID Ammon
7%
WA Anacortes
7%
KS | MN Andover
7%
CT Ansonia
7%
FL Apopka
7%
CA Arcata
7%
CA Arden-Arcade
7%
PR Arecibo
7%
AR Arkadelphia
7%
MD | MO Arnold
7%
CA | NM Artesia
7%
NJ Asbury Park
7%
VA Ashburn
7%
NC Asheboro
7%
WI Ashwaubenon
7%
MD Aspen Hill
7%
OR Astoria
7%
MA Attleboro
7%
CA Atwater
7%
FL Avon Park
7%
AK Badger
7%
GA Bainbridge
7%
OR Baker City
7%
CA Banning
7%
IL Barrington
7%
OK Bartlesville
7%
TX Bastrop
7%
AR Batesville
7%
PR Bayamón
7%
OH Bay Village
7%
NE Beatrice
7%
SC Beaufort
7%
WI Beaver Dam
7%
OH Bedford Heights
7%
OH Bellefontaine
7%
MO Bellefontaine Neighbors
7%
CA Bell Gardens
7%
IL Bellwood
7%
WI Beloit
7%
MO | TX Belton
7%
CA Benicia
7%
MD Bensville
7%
CO | MI Berkley
7%
IL Berwyn
7%
OK | OR Bethany
7%
MD Bethesda
7%
MN Big Lake
7%
TX Big Spring
7%
ID Blackfoot
7%
UT Bluffdale
7%
IN | SC Bluffton
7%
AR Blytheville
7%
LA Bogalusa
7%
CA Bonita
7%
FL Bonita Springs
7%
TX Borger
7%
WA Bothell
7%
UT Bountiful
7%
SD Box Elder
7%
CA Brea
7%
OH Brecksville
7%
WA Bremerton
7%
FL Brent
7%
CA | TN Brentwood
7%
OH Bridgetown
7%
UT Brigham City
7%
OH Broadview Heights
7%
IL | WI Brookfield
7%
OH Brook Park
7%
DE Brookside
7%
LA Broussard
7%
IN Brownsburg
7%
TX Brownwood
7%
GA Buford
7%
WA Burien
7%
TX Burleson
7%
ID Burley
7%
MS Byram
7%
MI Cadillac
7%
CA Calimesa
7%
CA Campbell
7%
KY Campbellsville
7%
CO Cañon City
7%
TX Canyon
7%
FL Cape Canaveral
7%
CA Carmichael
7%
MD Carney
7%
NC Carrboro
7%
IA Carroll
7%
AZ Casa Grande
7%
CO Castle Rock
7%
TX Cedar Hill
7%
IN Cedar Lake
7%
TX Cedar Park
7%
GA Cedartown
7%
OH | UT Centerville
7%
RI Central Falls
7%
OR Central Point
7%
VA Centreville
7%
PA Chambersburg
7%
AL | MA Chelsea
7%
VA Cherry Hill
7%
IL Chicago Ridge
7%
MA Chicopee
7%
ID Chubbuck
7%
OH Circleville
7%
FL Citrus Park
7%
OK Claremore
7%
MD | WV Clarksburg
7%
MI Clawson
7%
AL Clay
7%
CA | MO | NC | OH Clayton
7%
CA Coachella
7%
FL Cocoa
7%
FL Cocoa Beach
7%
FL Coconut Creek
7%
TN Collierville
7%
IL Collinsville
7%
NJ Colonia
7%
CA Colton
7%
MN Columbia Heights
7%
CO Commerce City
7%
OH Conneaut
7%
TX Converse
7%
MN Coon Rapids
7%
OR Coos Bay
7%
FL Coral Gables
7%
CA Coronado
7%
CA Corte Madera
7%
OH Coshocton
7%
CA Costa Mesa
7%
FL Crestview
7%
MN Crystal
7%
IL Crystal Lake
7%
CA | WI Cudahy
7%
CA Culver City
7%
MI Cutlerville
7%
OH Cuyahoga Falls
7%
VA Dale City
7%
GA Dalton
7%
FL Dania Beach
7%
AL Daphne
7%
PA Darby
7%
NY | TX Deer Park
7%
OH Defiance
7%
OK Del City
7%
CA Delhi
7%
TX Denison
7%
CT | KS Derby
7%
IL Des Plaines
7%
FL Destin
7%
CA Diamond Bar
7%
TN Dickson
7%
TX Donna
7%
FL Doral
7%
CA Duarte
7%
OK Duncan
7%
TX Duncanville
7%
TX Eagle Pass
7%
IL East Moline
7%
NJ East Orange
7%
GA East Point
7%
CA Eastvale
7%
IL Edwardsville
7%
AR | KS El Dorado
7%
TN Elizabethton
7%
IN Elkhart
7%
NY Elmira
7%
NC Elon
7%
CA Encinitas
7%
CO | FL | NJ | OH Englewood
7%
MI Escanaba
7%
NM Española
7%
MD Essex
7%
OH Euclid
7%
HI Ewa Beach
7%
HI Ewa Gentry
7%
CA Exeter
7%
CA | OH Fairfield
7%
NJ Fair Lawn
7%
OH Fairview Park
7%
VA Falls Church
7%
MN Faribault
7%
MD | MI | WA Ferndale
7%
NV Fernley
7%
CA Fillmore
7%
MA | WI Fitchburg
7%
MI Flat Rock
7%
FL Florida City
7%
FL Forest City
7%
OR Forest Grove
7%
TX Forest Hill
7%
MI Forest Hills
7%
MN Forest Lake
7%
GA | IL | OH Forest Park
7%
AR Forrest City
7%
IA Fort Dodge
7%
MD Fort Washington
7%
CO Fountain
7%
AZ Fountain Hills
7%
CA Fountain Valley
7%
MA Framingham
7%
KY Francisville
7%
IL | NY | TX Freeport
7%
TX Friendswood
7%
MO | NY Fulton
7%
NC Fuquay-Varina
7%
AL Gadsden
7%
OH Gahanna
7%
IL | NY Geneva
7%
CA Gilroy
7%
NY Glens Falls
7%
IL Glenview
7%
FL Golden Gate
7%
NC Goldsboro
7%
LA Gonzales
7%
FL Gonzalez
7%
MO | WA Grandview
7%
OR Grants Pass
7%
WI Greendale
7%
IN | PA Greensburg
7%
AZ | MD Green Valley
7%
MI Grosse Pointe Park
7%
MI Grosse Pointe Woods
7%
OH Grove City
7%
TX Groves
7%
MI Hamtramck
7%
SC Hanahan
7%
CA Hanford
7%
MI Harper Woods
7%
IL | LA Harvey
7%
ID Hayden
7%
CA Hayward
7%
CA Hemet
7%
MN Hibbing
7%
NY Hicksville
7%
CA | IL | IN | UT Highland
7%
CO Highlands Ranch
7%
CA | NJ Hillsborough
7%
NM Hobbs
7%
NJ Hoboken
7%
NY Holbrook
7%
MI Holland
7%
CA Hollister
7%
GA | NC Holly Springs
7%
MI Holt
7%
AL | IL Homewood
7%
WI Howard
7%
MI Howell
7%
MN Hugo
7%
NC Huntersville
7%
MD Hyattsville
7%
IA Indianola
7%
NC Indian Trail
7%
MN Inver Grove Heights
7%
OH Ironton
7%
WA Issaquah
7%
AL | IN Jasper
7%
KY Jeffersontown
7%
OK Jenks
7%
ID Jerome
7%
IL Justice
7%
NC Kannapolis
7%
HI Kapaa
7%
NH Keene
7%
MI Kentwood
7%
TX Kilgore
7%
PA King of Prussia
7%
CA Kingsburg
7%
NY Kings Park
7%
TX Kingsville
7%
NY Kiryas Joel
7%
OR Klamath Falls
7%
IN Kokomo
7%
ID Kuna
7%
WA Lacey
7%
OR La Grande
7%
GA LaGrange
7%
IL | KY La Grange
7%
IL La Grange Park
7%
CA Laguna Beach
7%
CA Laguna Niguel
7%
HI Lahaina
7%
FL Lake City
7%
CA Lake Elsinore
7%
NY Lake Grove
7%
FL Lake Wales
7%
TX Lakeway
7%
CA La Mesa
7%
CA La Mirada
7%
FL | MD | MS | VA Laurel
7%
GA Lawrenceville
7%
TX Leander
7%
KS Leawood
7%
FL Lehigh Acres
7%
NC Lenoir
7%
MA Leominster
7%
MD Lexington Park
7%
MI | NJ Lincoln Park
7%
CO Littleton
7%
CA Livingston
7%
IN Logansport
7%
GA Loganville
7%
NJ Long Branch
7%
NM Los Alamos
7%
NC | TX Lumberton
7%
OH Lyndhurst
7%
WA Lynnwood
7%
CA Lynwood
7%
GA Mableton
7%
OH Macedonia
7%
KY Madisonville
7%
VA Manassas
7%
TX Manor
7%
CA Manteca
7%
UT Mapleton
7%
WA Maple Valley
7%
FL Margate
7%
WI Marshfield
7%
MD Maryland City
7%
MO | TN Maryville
7%
NC Matthews
7%
CA | IL | NJ Maywood
7%
PA McKeesport
7%
MA Melrose
7%
MI Melvindale
7%
WI Menasha
7%
CA Menifee
7%
WI Menomonee Falls
7%
WI Menomonie
7%
OH Mentor
7%
CT Meriden
7%
NJ Metuchen
7%
FL Middleburg
7%
OH Middleburg Heights
7%
ID | WI Middleton
7%
HI Mililani Town
7%
CA Millbrae
7%
AL Millbrook
7%
UT Millcreek
7%
WA Mill Creek
7%
TN Millington
7%
CA Milpitas
7%
IN Mishawaka
7%
SC Moncks Corner
7%
CA Monterey Park
7%
MN Monticello
7%
NC Mooresville
7%
NC Morrisville
7%
GA Mountain Park
7%
IL Mount Prospect
7%
TX Murphy
7%
KY | UT Murray
7%
WI Muskego
7%
MI Muskegon
7%
TX Nacogdoches
7%
MS Natchez
7%
IN | OH New Albany
7%
MI | VA New Baltimore
7%
OR Newberg
7%
NJ New Brunswick
7%
CA Newman
7%
GA Newnan
7%
NJ New Providence
7%
AZ New River
7%
KY Nicholasville
7%
AZ Nogales
7%
MA | PA Northampton
7%
MN North Branch
7%
CA North Highlands
7%
IL Northlake
7%
AK North Lakes
7%
SC North Myrtle Beach
7%
OH North Olmsted
7%
FL North Palm Beach
7%
TX North Richland Hills
7%
OH North Ridgeville
7%
UT North Salt Lake
7%
NY North Tonawanda
7%
CA North Tustin
7%
NM North Valley
7%
MI Northview
7%
OH Norton
7%
MI Norton Shores
7%
WI Oak Creek
7%
IL Oak Forest
7%
OR | SC Oak Grove
7%
OR Oak Hills
7%
FL Oakland Park
7%
IL Oak Lawn
7%
CA | IL | MI Oak Park
7%
VA Oakton
7%
MO Oakville
7%
MI Okemos
7%
NY Olean
7%
NY Oneonta
7%
FL Opa-locka
7%
FL Orange City
7%
OR Oregon City
7%
IA Ottumwa
7%
OK Owasso
7%
CA Pacifica
7%
KY Paducah
7%
NV Pahrump
7%
OH Painesville
7%
IL Palatine
7%
CA Palos Verdes Estates
7%
NE Papillion
7%
AZ Paradise Valley
7%
IL Park Forest
7%
MD Parkville
7%
OH Parma Heights
7%
MA Peabody
7%
GA Peachtree City
7%
CA Perris
7%
GA Perry
7%
NJ Perth Amboy
7%
MS Petal
7%
CA Petaluma
7%
TX Pflugerville
7%
TX Pharr
7%
PA Phoenixville
7%
CA Pico Rivera
7%
NJ Pine Hill
7%
FL Pine Hills
7%
NC Pinehurst
7%
FL Pinellas Park
7%
LA | NC Pineville
7%
OH Piqua
7%
IL | IN | NJ Plainfield
7%
FL Plant City
7%
NY Plattsburgh
7%
CA | TX Pleasanton
7%
PA Plum
7%
MO Poplar Bluff
7%
VA Poquoson
7%
CA Porterville
7%
FL Port Orange
7%
ID Post Falls
7%
PA Pottstown
7%
WA Puyallup
7%
CA Rancho Cordova
7%
CA Rancho Palos Verdes
7%
OH Ravenna
7%
MN Red Wing
7%
OH Reynoldsburg
7%
GA Richmond Hill
7%
NY Ridge
7%
GA | IL Riverdale
7%
WI River Falls
7%
FL | MI Riverview
7%
IL Rock Island
7%
CA Rocklin
7%
WY Rock Springs
7%
OH Rocky River
7%
IL Romeoville
7%
CA | MD Rosedale
7%
VA Rose Hill
7%
CA Rosemead
7%
CA Rosemont
7%
TX Rowlett
7%
MI Royal Oak
7%
FL Royal Palm Beach
7%
ME Saco
7%
CA San Bruno
7%
CA San Carlos
7%
CA San Clemente
7%
CA San Fernando
7%
FL | ME | NC Sanford
7%
CA San Gabriel
7%
CA San Jacinto
7%
CA San Mateo
7%
CA Santee
7%
CA Saratoga
7%
NY | UT Saratoga Springs
7%
NY Scarsdale
7%
TX Schertz
7%
NE Scottsbluff
7%
NY Seaford
7%
WA SeaTac
7%
AL | CA | TX Selma
7%
OH Shaker Heights
7%
IN | KY | TN Shelbyville
7%
CT | WA Shelton
7%
AR | OR Sherwood
7%
WA Shoreline
7%
AZ Show Low
7%
OH Sidney
7%
AZ Sierra Vista
7%
OR Silverton
7%
NC | UT Smithfield
7%
WA Snohomish
7%
TX Socorro
7%
OH Solon
7%
CA South El Monte
7%
OH South Euclid
7%
WA South Hill
7%
TX South Houston
7%
TX Southlake
7%
FL South Miami
7%
WI South Milwaukee
7%
UT South Salt Lake
7%
NM South Valley
7%
CA South Whittier
7%
IA Spencer
7%
NV Spring Creek
7%
UT Springville
7%
TX Stafford
7%
WV St. Albans
7%
MO St. Ann
7%
GA Statesboro
7%
MI St. Clair Shores
7%
TX Stephenville
7%
OH Steubenville
7%
WI Stevens Point
7%
GA | PA St. Marys
7%
KY St. Matthews
7%
CT Storrs
7%
OH Stow
7%
OH Streetsboro
7%
GA Sugar Hill
7%
WA Sumner
7%
AZ Sun City
7%
WA Sunnyside
7%
WI Sun Prairie
7%
FL Sunset
7%
CO | WI Superior
7%
OH Tallmadge
7%
NY Tarrytown
7%
SC Taylors
7%
UT Taylorsville
7%
CA Tehachapi
7%
CA Temple City
7%
VA Timberlake
7%
NY Tonawanda
7%
CT Torrington
7%
FL Town 'n' Country
7%
CA Turlock
7%
CA Tustin
7%
CA Ukiah
7%
FL Union Park
7%
MO University City
7%
CA Upland
7%
OH Upper Arlington
7%
IA Urbandale
7%
TX Uvalde
7%
GA Valdosta
7%
AL Valley
7%
IN Valparaiso
7%
AR Van Buren
7%
OH Vermilion
7%
FL Vero Beach
7%
AL Vestavia Hills
7%
GA Vidalia
7%
CA Vincent
7%
CA Visalia
7%
HI Waipahu
7%
VA Wakefield
7%
MI Walker
7%
CA Walnut
7%
CA Walnut Creek
7%
MA Waltham
7%
FL Warrington
7%
ME Waterville
7%
CA Watsonville
7%
WI Wauwatosa
7%
WA Wenatchee
7%
WI West Allis
7%
ME Westbrook
7%
OH Westerville
7%
IN | MA | NJ Westfield
7%
NY West Hempstead
7%
FL West Melbourne
7%
UT West Point
7%
WA West Richland
7%
MN West St. Paul
7%
FL Westview
7%
NJ Westwood
7%
MN White Bear Lake
7%
OH Whitehall
7%
WI Whitewater
7%
CA Whittier
7%
OH Wickliffe
7%
PA Williamsport
7%
NJ Williamstown
7%
OH Willoughby
7%
OH Willowick
7%
MN Winona
7%
FL Winter Park
7%
FL Winter Springs
7%
VA Woodbridge
7%
IL Woodridge
7%
NJ Wood-Ridge
7%
OH Wooster
7%
MN | OH Worthington
7%
TX Wylie
7%
CA Yorba Linda
7%
IN Yorktown
7%
LA Youngsville
7%
MI Ypsilanti
7%
CA Yucaipa
7%
OK Yukon
7%
IL Zion
7%
IN Zionsville
7%
LA Abbeville
0%
MD Accokeek
0%
CA Adelanto
0%
MD Adelphi
0%
MO Affton
0%
NY Airmont
0%
FL Alachua
0%
FL Alafaya
0%
TN Alcoa
0%
WA Alderwood Manor
0%
TX Aldine
0%
PA Allison Park
0%
IL Alsip
0%
CA Alum Rock
0%
TX Alvin
0%
OH Amelia
0%
OH Amherst
0%
NC Anderson Creek
0%
TX Angleton
0%
VA Annandale
0%
MD Annapolis Neck
0%
CA Antelope
0%
AZ Anthem
0%
FL Apollo Beach
0%
MD Arbutus
0%
NC Archdale
0%
WA Artondale
0%
CA Arvin
0%
FL Asbury Lake
0%
CA Atascadero
0%
TX Atascocita
0%
TN Atoka
0%
OH Austintown
0%
CA Avenal
0%
NJ Avenel
0%
CA Avocado Heights
0%
FL Azalea Park
0%
TX Azle
0%
VA Bailey's Crossroads
0%
WA Bainbridge Island
0%
PA Bala Cynwyd
0%
TX Balch Springs
0%
MD Ballenger Creek
0%
MO Ballwin
0%
OH Barberton
0%
FL Bardmoor
0%
KY Bardstown
0%
IN Bargersville
0%
FL Bartow
0%
WA Battle Ground
0%
FL Bayonet Point
0%
LA Bayou Blue
0%
LA Bayou Cane
0%
CA Bay Point
0%
NY Bay Shore
0%
FL Bayshore Gardens
0%
MS Bay St. Louis
0%
IL Beach Park
0%
NJ | OH Beachwood
0%
NY Beacon
0%
IN Beech Grove
0%
FL Bee Ridge
0%
TX Beeville
0%
MD Bel Air
0%
MD Bel Air North
0%
MD Bel Air South
0%
TX Bellaire
0%
FL Bellair-Meadowbrook Terrace
0%
AR Bella Vista
0%
LA Belle Chasse
0%
FL Belle Glade
0%
NJ Bellmawr
0%
TX Bellmead
0%
NY Bellmore
0%
MD Beltsville
0%
GA Belvedere Park
0%
IL Belvidere
0%
TX Benbrook
0%
IL Bensenville
0%
NJ Bergenfield
0%
CO Berthoud
0%
PA Berwick
0%
NY Bethpage
0%
OH Bexley
0%
CA Big Bear City
0%
WA Birch Bay
0%
FL Biscayne Gardens
0%
FL Bithlo
0%
CO Black Forest
0%
CA Blackhawk
0%
NJ Blackwells Mills
0%
PA Bloomsburg
0%
OH Blue Ash
0%
IL Blue Island
0%
AL Boaz
0%
TX Boerne
0%
SC Boiling Springs
0%
MO Bolivar
0%
VA Bon Air
0%
TX Bonham
0%
WA Bonney Lake
0%
CA Bostonia
0%
WA Bothell East
0%
WA Bothell West
0%
NJ Bound Brook
0%
IL Bourbonnais
0%
FL Bradfordville
0%
NJ Bradley Gardens
0%
MN Brainerd
0%
VA Brambleton
0%
VA Brandermill
0%
MD Brandywine
0%
GA Braselton
0%
CA Brawley
0%
TX Brenham
0%
MO Bridgeton
0%
IL Bridgeview
0%
VA Broadlands
0%
MD Brock Hall
0%
PA Broomall
0%
WI Brown Deer
0%
TX Brushy Creek
0%
WA Bryn Mawr-Skyway
0%
VA Buckhall
0%
OH Bucyrus
0%
NJ Budd Lake
0%
FL Buenaventura Lakes
0%
VA Bull Run
0%
TX Burkburnett
0%
VA Burke
0%
VA Burke Centre
0%
CA Burlingame
0%
IL Burr Ridge
0%
MD Burtonsville
0%
AR Cabot
0%
PR Caguas
0%
IL Cahokia Heights
0%
WI Caledonia
0%
AL Calera
0%
GA Calhoun
0%
FL Callaway
0%
IL Calumet City
0%
MD Calverton
0%
WA Camano
0%
WA Camas
0%
CA Cameron Park
0%
CA Camp Pendleton South
0%
MD Camp Springs
0%
IL Campton Hills
0%
AZ Camp Verde
0%
OH Canal Winchester
0%
OR Canby
0%
PR Candelaria
0%
GA Candler-McAfee
0%
PR Caño Martin Peña
0%
PR Canóvanas
0%
CA | TX Canyon Lake
0%
IL Carbondale
0%
LA Carencro
0%
PA Carlisle
0%
PA Carnot-Moon
0%
SC Carolina Forest
0%
IL Carol Stream
0%
IL Carpentersville
0%
CA Carpinteria
0%
FL Carrollwood
0%
NJ Carteret
0%
MO Carthage
0%
CA Casa de Oro-Mount Helix
0%
AZ Casas Adobes
0%
VA Cascades
0%
FL Casselberry
0%
CA Castaic
0%
CO Castle Pines
0%
CA Castro Valley
0%
AZ Catalina Foothills
0%
PR Cataño
0%
MD Catonsville
0%
VA Cave Spring
0%
SC Cayce
0%
PR Cayey
0%
WI Cedarburg
0%
OR Cedar Mill
0%
FL Celebration
0%
OH | TX Celina
0%
NY Centereach
0%
AL Center Point
0%
AR Centerton
0%
IL | WA Centralia
0%
NY Central Islip
0%
CA Ceres
0%
CA Cerritos
0%
NE Chalco
0%
LA Chalmette
0%
GA Chamblee
0%
MN Champlin
0%
MN Chanhassen
0%
IL Channahon
0%
TX Channelview
0%
VA Chantilly
0%
NM Chaparral
0%
MN Chaska
0%
IL Chatham
0%
WV Cheat Lake
0%
WA Cheney
0%
CO Cherry Creek
0%
NJ Cherry Hill Mall
0%
CA Cherryland
0%
IN Chesterton
0%
NY Chestnut Ridge
0%
FL Cheval
0%
OK Chickasha
0%
MD Chillum
0%
AZ Chino Valley
0%
WI Chippewa Falls
0%
OK Choctaw
0%
CA Chowchilla
0%
VA Christiansburg
0%
TX Cibolo
0%
CO Cimarron Hills
0%
TX Cinco Ranch
0%
FL Citrus Springs
0%
LA Claiborne
0%
UT Clearfield
0%
CA Clearlake
0%
TX Cleburne
0%
NC Clemmons
0%
FL Clermont
0%
NJ Cliffside Park
0%
IA Clive
0%
MN Cloquet
0%
TX Cloverleaf
0%
MD Cloverly
0%
TX Clute
0%
CA Coalinga
0%
PA Coatesville
0%
MD Cockeysville
0%
NY Cohoes
0%
NV Cold Springs
0%
MI Coldwater
0%
MD Colesville
0%
TN Collegedale
0%
TX Colleyville
0%
VA Colonial Heights
0%
PA Colonial Park
0%
NY Commack
0%
MI Comstock Park
0%
IN Connersville
0%
GA Conyers
0%
TN Cookeville
0%
AZ Coolidge
0%
FL Cooper City
0%
NY Copiague
0%
TX Coppell
0%
TX Copperas Cove
0%
FL Coral Terrace
0%
IA Coralville
0%
NY Coram
0%
CA Corcoran
0%
MS | TX Corinth
0%
NC | OR Cornelius
0%
NY Corning
0%
PR Corozal
0%
TX Corsicana
0%
NY Cortland
0%
CA Coto de Caza
0%
MN | OR Cottage Grove
0%
WA Cottage Lake
0%
AZ Cottonwood
0%
UT Cottonwood Heights
0%
CA | FL Country Club
0%
IL Country Club Hills
0%
FL Country Walk
0%
OK Coweta
0%
IN Crawfordsville
0%
IL Crest Hill
0%
IL | MO Crestwood
0%
MO Creve Coeur
0%
MD Crofton
0%
TN Crossville
0%
LA | TX Crowley
0%
IN Crown Point
0%
AL Cullman
0%
VA Culpeper
0%
FL Cutler Bay
0%
CA Cypress
0%
FL Cypress Gardens
0%
FL Cypress Lake
0%
CO Dakota Ridge
0%
MD | OR Damascus
0%
CA Dana Point
0%
MO Dardenne Prairie
0%
IL Darien
0%
FL DeBary
0%
WI DeForest
0%
IL DeKalb
0%
CA Del Aire
0%
TX Del Rio
0%
NM Deming
0%
SC Dentsville
0%
WI De Pere
0%
NY Depew
0%
CA Desert Hot Springs
0%
TX DeSoto
0%
LA Destrehan
0%
NY De Witt
0%
CA Diamond Springs
0%
MS D'Iberville
0%
CA Dinuba
0%
CA Discovery Bay
0%
NY Dix Hills
0%
CA | IL Dixon
0%
NY Dobbs Ferry
0%
FL Doctor Phillips
0%
IL Dolton
0%
PR Dorado
0%
GA Doraville
0%
GA Douglasville
0%
IL Downers Grove
0%
VA Dranesville
0%
UT Draper
0%
AZ Drexel Heights
0%
PA Drexel Hill
0%
TX Dumas
0%
NJ Dumont
0%
MD Dundalk
0%
FL Dunedin
0%
NY Dunkirk
0%
PA Dunmore
0%
GA Dunwoody
0%
OK Durant
0%
IN Dyer
0%
TN Dyersburg
0%
UT Eagle Mountain
0%
SC Easley
0%
CA East Bakersfield
0%
MN East Bethel
0%
OH East Cleveland
0%
CA Eastern Goleta Valley
0%
NJ East Franklin
0%
NY East Glenville
0%
CA East Hemet
0%
VA East Highland Park
0%
NY East Islip
0%
FL East Lake-Orient Park
0%
NY East Massapequa
0%
NY East Meadow
0%
FL East Milton
0%
WA Eastmont
0%
CA East Niles
0%
NY East Northport
0%
CA East Palo Alto
0%
NY East Patchogue
0%
IL East Peoria
0%
MI Eastpointe
0%
CA East Rancho Dominguez
0%
WA East Renton Highlands
0%
TN East Ridge
0%
MD East Riverdale
0%
NY East Rockaway
0%
NJ East Rutherford
0%
CA East San Gabriel
0%
NY East Setauket
0%
WA East Wenatchee
0%
NJ Eatontown
0%
NJ Echelon
0%
FL | NJ Edgewater
0%
MD | WA Edgewood
0%
IL Effingham
0%
NY Eggertsville
0%
FL Egypt Lake-Leto
0%
TX El Campo
0%
CA El Cerrito
0%
MD Eldersburg
0%
CA El Dorado Hills
0%
FL Elfers
0%
OK Elk City
0%
IL Elk Grove Village
0%
WI Elkhorn
0%
WA Elk Plain
0%
MD Elkridge
0%
MN Elk River
0%
MD Elkton
0%
WA Ellensburg
0%
MD Ellicott City
0%
MO Ellisville
0%
IL Elmhurst
0%
AZ El Mirage
0%
IL | NJ Elmwood Park
0%
AZ Eloy
0%
CA El Paso de Robles
0%
OK El Reno
0%
CA El Segundo
0%
CA El Sobrante
0%
NY Elwood
0%
CA Emeryville
0%
PA Emmaus
0%
KS Emporia
0%
NY Endicott
0%
NY Endwell
0%
TX Ennis
0%
FL Ensley
0%
WA Enumclaw
0%
PA Ephrata
0%
KY Erlanger
0%
VT Essex Junction
0%
LA Estelle
0%
FL Estero
0%
AL Eufaula
0%
TX Euless
0%
FL Eustis
0%
IL Evergreen Park
0%
MO Excelsior Springs
0%
OH Fairborn
0%
GA Fairburn
0%
VA Fairfax
0%
VA Fairfax Station
0%
AL Fairhope
0%
MD Fairland
0%
CA | VA Fair Oaks
0%
TX Fair Oaks Ranch
0%
IL Fairview Heights
0%
FL Fairview Shores
0%
WA Fairwood
0%
PR Fajardo
0%
CA Fallbrook
0%
MD Fallston
0%
TX Farmers Branch
0%
CA Farmersville
0%
NY Farmingville
0%
TN Farragut
0%
TX Fate
0%
CO Federal Heights
0%
WA Felida
0%
MI Fenton
0%
MN Fergus Falls
0%
MO Ferguson
0%
FL Fernandina Beach
0%
FL Ferry Pass
0%
MO Festus
0%
WA Fife
0%
OH Finneytown
0%
CO Firestone
0%
FL Fish Hawk
0%
WA Five Corners
0%
SC Five Forks
0%
FL Fleming Island
0%
NY Floral Park
0%
CA Florence-Graham
0%
NJ Florham Park
0%
FL Florida Ridge
0%
MD Flower Hill
0%
GA Flowery Branch
0%
AZ Flowing Wells
0%
MS Flowood
0%
AL Foley
0%
CA Foothill Farms
0%
NJ Fords
0%
SC Forest Acres
0%
TX Forney
0%
WI Fort Atkinson
0%
TX Fort Bliss
0%
KY Fort Campbell North
0%
CO Fort Carson
0%
NY Fort Drum
0%
TX Fort Hood
0%
VA Fort Hunt
0%
NJ Fort Lee
0%
MO Fort Leonard Wood
0%
WA Fort Lewis
0%
IA Fort Madison
0%
MD Fort Meade
0%
SC Fort Mill
0%
AZ Fort Mohave
0%
CO Fort Morgan
0%
GA Fort Oglethorpe
0%
AL Fort Payne
0%
FL Fort Pierce
0%
NY Fort Salonga
0%
KY Fort Thomas
0%
CA Fortuna
0%
AZ Fortuna Foothills
0%
FL Fort Walton Beach
0%
CA Foster City
0%
OH Fostoria
0%
FL Fountainebleau
0%
SC Fountain Inn
0%
OR | TX Four Corners
0%
CO Four Square Mile
0%
WI Fox Crossing
0%
IL Fox Lake
0%
VA Franconia
0%
VA Franklin Farm
0%
NJ Franklin Lakes
0%
IL | NJ | PA Franklin Park
0%
NY Franklin Square
0%
MI Fraser
0%
WA Frederickson
0%
CA French Valley
0%
MN Fridley
0%
MD Friendly
0%
VA Front Royal
0%
CO Fruita
0%
FL Fruit Cove
0%
FL Fruitville
0%
FL Fuller Heights
0%
TX Fulshear
0%
SC Gaffney
0%
IL Gages Lake
0%
TX Galena Park
0%
IL Galesburg
0%
OH Galion
0%
TN Gallatin
0%
NM Gallup
0%
CA Galt
0%
SC Gantt
0%
CA Garden Acres
0%
AL Gardendale
0%
LA Gardere
0%
KS | MA Gardner
0%
NV Gardnerville Ranchos
0%
NC Garner
0%
TX Gatesville
0%
FL Gateway
0%
MS Gautier
0%
FL Gibsonton
0%
WA Gig Harbor
0%
FL Gladeview
0%
MO | OR Gladstone
0%
NJ Glassboro
0%
MD Glassmanor
0%
VA Glen Allen
0%
MD Glen Burnie
0%
IL Glen Carbon
0%
NY Glen Cove
0%
IL Glendale Heights
0%
CA Glendora
0%
IL Glen Ellyn
0%
MD Glenmont
0%
TX Glenn Heights
0%
OK Glenpool
0%
NJ Glen Rock
0%
FL Glenvar Heights
0%
CO Glenwood Springs
0%
MA Gloucester
0%
NJ Gloucester City
0%
VA Gloucester Point
0%
NY Gloversville
0%
IL Godfrey
0%
AZ Gold Canyon
0%
FL Goldenrod
0%
CA Goleta
0%
TN Goodlettsville
0%
IN Goshen
0%
FL Goulds
0%
WI Grafton
0%
MO Grain Valley
0%
TX Granbury
0%
CA Grand Terrace
0%
IN Granger
0%
CA Granite Bay
0%
IL Granite City
0%
UT Grantsville
0%
CA Grass Valley
0%
IL Grayslake
0%
KS Great Bend
0%
NY Great Neck
0%
FL Greenacres
0%
MD Greenbelt
0%
FL Green Cove Springs
0%
TN Greeneville
0%
NY Greenlawn
0%
NJ Greentree
0%
CO Greenwood Village
0%
MS Grenada
0%
LA Gretna
0%
GA Griffin
0%
IN Griffith
0%
IA Grimes
0%
FL Groveland
0%
CA Grover Beach
0%
VA Groveton
0%
GA Grovetown
0%
PR Guayama
0%
PR Guaynabo
0%
AL Gulf Shores
0%
CO Gunbarrel
0%
IL Gurnee
0%
OK Guthrie
0%
NJ Guttenberg
0%
OK Guymon
0%
CA Hacienda Heights
0%
NJ Hackensack
0%
NJ Hackettstown
0%
FL Haines City
0%
HI Halawa
0%
CA Half Moon Bay
0%
MD Halfway
0%
FL Hallandale Beach
0%
TN Halls
0%
TX Haltom City
0%
NJ Hamilton Square
0%
MN Ham Lake
0%
NJ Hammonton
0%
NY Hampton Bays
0%
MO Hannibal
0%
PA Hanover
0%
IL Hanover Park
0%
OR Happy Valley
0%
SC Hardeeville
0%
TX Harker Heights
0%
AL Hartselle
0%
TN Hartsville
0%
NJ Hasbrouck Heights
0%
MI Haslett
0%
NY Hauppauge
0%
NC Havelock
0%
MD Havre de Grace
0%
CA Hawaiian Gardens
0%
HI Hawaiian Paradise Park
0%
OR Hayesville
0%
KS Hays
0%
KS Haysville
0%
IL Hazel Crest
0%
WA Hazel Dell
0%
MI Hazel Park
0%
MO Hazelwood
0%
PA Hazleton
0%
CA Healdsburg
0%
TX Heartland
0%
OH | TX Heath
0%
UT Heber
0%
CA Hercules
0%
TX Hereford
0%
MN Hermantown
0%
OR Hermiston
0%
PA Hermitage
0%
CA Hermosa Beach
0%
MS Hernando
0%
VA Herndon
0%
UT Herriman
0%
IL Herrin
0%
PA Hershey
0%
TX Hewitt
0%
FL Hialeah Gardens
0%
IL Hickory Hills
0%
TX Hidalgo
0%
FL Highland City
0%
IL | NJ Highland Park
0%
VA Highland Springs
0%
TX Highland Village
0%
CA Hillcrest
0%
MD Hillcrest Heights
0%
OH Hilliard
0%
NJ Hillsdale
0%
GA Hinesville
0%
IL Hinsdale
0%
IN | WI Hobart
0%
FL Hobe Sound
0%
DE Hockessin
0%
IL Hoffman Estates
0%
FL Holiday
0%
NJ Holiday City-Berkeley
0%
UT Holladay
0%
VA Hollins
0%
FL Holly Hill
0%
WI Holmen
0%
NY Holtsville
0%
MA Holyoke
0%
CA Home Gardens
0%
IL Homer Glen
0%
FL Homosassa Springs
0%
MD Honeygo
0%
NJ Hopatcong
0%
NC Hope Mills
0%
VA Hopewell
0%
TX Horizon City
0%
FL Horizon West
0%
PR Hormigueros
0%
MS Horn Lake
0%
TX Hornsby Bend
0%
AR Hot Springs Village
0%
OH Huber Heights
0%
AL Hueytown
0%
PR Humacao
0%
TX Humble
0%
FL Hunters Creek
0%
IN Huntertown
0%
NY Huntington Station
0%
IL Huntley
0%
UT Hurricane
0%
TX Hurst
0%
TX Hutto
0%
VA Hybla Valley
0%
UT Hyrum
0%
VA Idylwood
0%
MD Ilchester
0%
FL Immokalee
0%
CA Imperial
0%
CA Imperial Beach
0%
VA Independent Hill
0%
MI Inkster
0%
NY Inwood
0%
FL Iona
0%
MI Ionia
0%
TX Iowa Colony
0%
SC Irmo
0%
AL Irondale
0%
PR Isabela
0%
NJ Iselin
0%
CA Isla Vista
0%
FL Ives Estates
0%
FL Jacksonville Beach
0%
SC James Island
0%
FL Jasmine Estates
0%
PA Jefferson Hills
0%
NY Jefferson Valley-Yorktown
0%
MI Jenison
0%
MO Jennings
0%
FL Jensen Beach
0%
MD Joppatowne
0%
PR Juana Díaz
0%
KS Junction City
0%
FL Jupiter Farms
0%
IL Kankakee
0%
HI Kapolei
0%
WI Kaukauna
0%
UT Kaysville
0%
UT Kearns
0%
OR Keizer
0%
TX Keller
0%
WA Kelso
0%
MD Kemp Mill
0%
CO Ken Caryl
0%
FL Kendale Lakes
0%
NJ Kendall Park
0%
IN Kendallville
0%
FL Kendall West
0%
NY | WA Kenmore
0%
GA Kennesaw
0%
MO Kennett
0%
CA Kerman
0%
NC Kernersville
0%
TX Kerrville
0%
IL Kewanee
0%
FL Key Biscayne
0%
FL Key Largo
0%
FL Keystone
0%
HI Kihei
0%
CA King City
0%
NC Kings Mountain
0%
VA Kings Park West
0%
VA Kingstowne
0%
NJ Kinnelon
0%
NC Kinston
0%
MO Kirksville
0%
MO Kirkwood
0%
NC Knightdale
0%
AK Knik-Fairview
0%
CA La Cañada Flintridge
0%
NY Lackawanna
0%
NH Laconia
0%
CA La Crescenta-Montrose
0%
CA Ladera Ranch
0%
SC Ladson
0%
FL Lady Lake
0%
CA Laguna Hills
0%
CA Laguna Woods
0%
TX La Homa
0%
MD Lake Arbor
0%
CA Lake Arrowhead
0%
VA Lake Barcroft
0%
FL Lake Butler
0%
MN Lake Elmo
0%
WA Lake Forest Park
0%
NJ Lake Hiawatha
0%
NJ Lake Hopatcong
0%
IL Lake in the Hills
0%
TX Lake Jackson
0%
FL Lakeland Highlands
0%
WA Lakeland North
0%
WA Lakeland South
0%
CA Lakeland Village
0%
CA Lake Los Angeles
0%
FL Lake Magdalene
0%
FL Lake Mary
0%
VA Lake Monticello
0%
WA Lake Morton-Berrydale
0%
NC Lake Norman of Catawba
0%
OR Lake Oswego
0%
VA Lake Ridge
0%
NY Lake Ronkonkoma
0%
MD Lake Shore
0%
IN Lake Station
0%
WA Lake Stevens
0%
WA Lake Stickney
0%
MO Lake St. Louis
0%
WA Lake Tapps
0%
FL Lakewood Park
0%
FL Lakewood Ranch
0%
SC Lake Wylie
0%
IL Lake Zurich
0%
TX La Marque
0%
CA Lamont
0%
FL Land O' Lakes
0%
MD Landover
0%
MD Langley Park
0%
MD Lanham
0%
PA Lansdale
0%
PA | VA Lansdowne
0%
FL | TX Lantana
0%
CA La Palma
0%
LA Laplace
0%
MD La Plata
0%
IN | TX La Porte
0%
CA La Presa
0%
CA La Puente
0%
CA La Quinta
0%
CA La Riviera
0%
CA Larkspur
0%
NY Latham
0%
CA Lathrop
0%
FL Lauderdale Lakes
0%
NC Laurinburg
0%
TN La Vergne
0%
NE La Vista
0%
CA Lawndale
0%
KY | TN Lawrenceburg
0%
FL Lealman
0%
KS Leavenworth
0%
FL Leisure City
0%
NC Leland
0%
IA Le Mars
0%
MO Lemay
0%
CA Lemon Grove
0%
CA Lemon Hill
0%
IL Lemont
0%
CA Lemoore
0%
CA Lennox
0%
TN Lenoir City
0%
TX Leon Valley
0%
TX Levelland
0%
NY | PA Levittown
0%
TN Lewisburg
0%
KS Liberal
0%
MO Liberty
0%
WA Liberty Lake
0%
FL Liberty Triangle
0%
IL Libertyville
0%
FL Lighthouse Point
0%
GA Lilburn
0%
VA Lincolnia
0%
NC Lincolnton
0%
IL Lincolnwood
0%
NJ Linden
0%
IL | NY Lindenhurst
0%
NJ Lindenwold
0%
UT Lindon
0%
CA Lindsay
0%
MD Linganore
0%
MN Lino Lakes
0%
MD Linthicum
0%
VA Linton Hall
0%
WI Lisbon
0%
IL Lisle
0%
GA Lithia Springs
0%
MN Little Canada
0%
WI Little Chute
0%
TX Little Elm
0%
NJ Little Ferry
0%
SC Little River
0%
CA | TX Live Oak
0%
MD Lochearn
0%
FL | TX Lockhart
0%
IL | NY Lockport
0%
GA Locust Grove
0%
CA Loma Linda
0%
IL Lombard
0%
CA Lomita
0%
CA Lompoc
0%
CO Lone Tree
0%
FL Longwood
0%
VA Lorton
0%
CA Los Alamitos
0%
CA Los Altos
0%
CA Los Banos
0%
CA Los Gatos
0%
NM Los Lunas
0%
CA Los Osos
0%
NY Loudonville
0%
VA Loudoun Valley Estates
0%
GA Lovejoy
0%
IL Loves Park
0%
NM Lovington
0%
PA Lower Burrell
0%
VA Lowes Island
0%
TX Lufkin
0%
LA Luling
0%
FL Lutz
0%
NY Lynbrook
0%
WA Lynden
0%
KY Lyndon
0%
FL Lynn Haven
0%
IL Machesney Park
0%
IL Macomb
0%
MI | VA Madison Heights
0%
UT Magna
0%
AR Magnolia
0%
IL Mahomet
0%
HI Maili
0%
FL Maitland
0%
HI Makaha
0%
HI Makakilo
0%
WA Maltby
0%
AR Malvern
0%
VA Manassas Park
0%
PR Manatí
0%
LA Mandeville
0%
FL Mango
0%
NY Manorville
0%
TX Manvel
0%
NJ Manville
0%
FL Marco Island
0%
CA Marina
0%
FL Marion Oaks
0%
IL Markham
0%
MA Marlborough
0%
MD | NJ Marlton
0%
LA Marrero
0%
IA Marshalltown
0%
WA Martha Lake
0%
MO Maryland Heights
0%
IA Mason City
0%
NY Massapequa
0%
NY Massapequa Park
0%
OH Massillon
0%
NY Mastic
0%
NY Mastic Beach
0%
IL Matteson
0%
IL Mattoon
0%
AR Maumelle
0%
PR Mayagüez
0%
OH Mayfield Heights
0%
MD Mays Chapel
0%
OK McAlester
0%
AL McCalla
0%
MS McComb
0%
IN McCordsville
0%
GA McDonough
0%
CA McFarland
0%
IL McHenry
0%
NJ McKee City
0%
CA McKinleyville
0%
VA McLean
0%
OR | TN McMinnville
0%
VA McNair
0%
KS McPherson
0%
VA Meadowbrook
0%
FL Meadow Woods
0%
CA Mead Valley
0%
PA Meadville
0%
NC Mebane
0%
VA Mechanicsville
0%
FL Medulla
0%
MO Mehlville
0%
TX Melissa
0%
IL Melrose Park
0%
NY Melville
0%
CA Mendota
0%
MN Mendota Heights
0%
CA Menlo Park
0%
WI Mequon
0%
TX Mercedes
0%
WA Mercer Island
0%
NJ Mercerville
0%
AL Meridianville
0%
KS Merriam
0%
NY Merrick
0%
VA Merrifield
0%
IN Merrillville
0%
FL Merritt Island
0%
FL Miami Lakes
0%
OH Miamisburg
0%
FL Miami Shores
0%
FL Miami Springs
0%
NY Middle Island
0%
MD Middle River
0%
NJ Middlesex
0%
TN Middle Valley
0%
IL | TX | VA Midlothian
0%
UT Midvale
0%
FL Midway
0%
CT Milford city
0%
MD Milford Mill
0%
HI Mililani Mauka
0%
WA Mill Creek East
0%
GA Milledgeville
0%
NY Miller Place
0%
CA Mill Valley
0%
NJ Millville
0%
LA Minden
0%
NY Mineola
0%
TX Mineral Wells
0%
WA Minnehaha
0%
FL Minneola
0%
IL Minooka
0%
NC Mint Hill
0%
TX Mission Bend
0%
MD Mitchellville
0%
MO Moberly
0%
IL Mokena
0%
OR Molalla
0%
OH Monfort Heights
0%
OR Monmouth
0%
PA Monroeville
0%
CA Monrovia
0%
NY Monsey
0%
CA | VA Montclair
0%
MD Montgomery Village
0%
PA Montgomeryville
0%
CO Montrose
0%
CO Monument
0%
AL Moody
0%
NJ Moorestown-Lenola
0%
CA Moorpark
0%
CA Moraga
0%
LA Morgan City
0%
CA Morgan Hill
0%
NC Morganton
0%
NJ | TN Morristown
0%
CA Morro Bay
0%
IL Morton
0%
IL Morton Grove
0%
WA Moses Lake
0%
LA Moss Bluff
0%
MS Moss Point
0%
GA Moultrie
0%
MN Mounds View
0%
AL Mountain Brook
0%
AR | ID Mountain Home
0%
CA Mountain House
0%
PA Mountain Top
0%
NC Mount Airy
0%
MI Mount Clemens
0%
FL Mount Dora
0%
NC Mount Holly
0%
TN Mount Juliet
0%
NY Mount Kisco
0%
WA Mountlake Terrace
0%
NY Mount Sinai
0%
WA Mount Vista
0%
WA Mukilteo
0%
IL Mundelein
0%
PA Munhall
0%
IN Munster
0%
NC Murraysville
0%
SC Murrells Inlet
0%
PA Murrysville
0%
IA Muscatine
0%
AL Muscle Shoals
0%
CA Muscoy
0%
OK Muskogee
0%
OK Mustang
0%
NY Myers Corner
0%
FL | NC Myrtle Grove
0%
HI Nanakuli
0%
PA Nanticoke
0%
NY Nanuet
0%
FL Naranja
0%
LA Natchitoches
0%
CT Naugatuck
0%
FL Navarre
0%
TX Nederland
0%
WI Neenah
0%
MO Neosho
0%
NY Nesconset
0%
NC New Bern
0%
SC Newberry
0%
MN New Brighton
0%
MA Newburyport
0%
MD New Carrollton
0%
NY New Cassel
0%
NY New City
0%
OH New Franklin
0%
MN New Hope
0%
NY New Hyde Park
0%
LA New Iberia
0%
VA Newington
0%
VA Newington Forest
0%
PA New Kensington
0%
AZ New Kingman-Butler
0%
IL New Lenox
0%
NJ New Milford
0%
OH New Philadelphia
0%
RI Newport East
0%
FL New Port Richey
0%
FL New Port Richey East
0%
WI New Richmond
0%
FL New Smyrna Beach
0%
MN New Ulm
0%
FL Niceville
0%
IL | MI | OH Niles
0%
CA Nipomo
0%
MO Nixa
0%
FL Nocatee
0%
TN Nolensville
0%
CA Norco
0%
GA Norcross
0%
IL Norridge
0%
PA Norristown
0%
MA North Adams
0%
NY North Amityville
0%
NJ North Arlington
0%
CA North Auburn
0%
SC North Augusta
0%
IL North Aurora
0%
NY North Babylon
0%
NY North Bay Shore
0%
NY North Bellmore
0%
NY North Bellport
0%
MD North Bethesda
0%
IL | OH Northbrook
0%
OH North Canton
0%
FL Northdale
0%
GA North Decatur
0%
GA North Druid Hills
0%
CA North Fair Oaks
0%
FL North Fort Myers
0%
CO Northglenn
0%
MD North Laurel
0%
IA North Liberty
0%
NY North Lindenhurst
0%
UT North Logan
0%
WA North Lynnwood
0%
MN North Mankato
0%
NY North Massapequa
0%
NY North Merrick
0%
NY North New Hyde Park
0%
UT North Ogden
0%
NJ North Plainfield
0%
MD North Potomac
0%
MN North St. Paul
0%
NY North Valley Stream
0%
NY North Wantagh
0%
OH Norwood
0%
KY Oakbrook
0%
WA Oak Harbor
0%
FL Oakleaf Plantation
0%
FL | NJ | TN Oak Ridge
0%
OR Oatfield
0%
NJ Ocean Acres
0%
MD Ocean Pines
0%
HI Ocean Pointe
0%
MS Ocean Springs
0%
FL Ocoee
0%
WI Oconomowoc
0%
MD Odenton
0%
CA Oildale
0%
FL Ojus
0%
OK Okmulgee
0%
MO Old Jamestown
0%
FL Oldsmar
0%
CA Olivehurst
0%
MD Olney
0%
FL Olympia Heights
0%
WI Onalaska
0%
NY Oneida
0%
FL On Top of the World Designated Place
0%
AL Opelika
0%
LA Opelousas
0%
CA Orangevale
0%
WA Orchards
0%
CA Orcutt
0%
CA Orinda
0%
FL Ormond Beach
0%
AZ Oro Valley
0%
CA Oroville
0%
IA Oskaloosa
0%
IL | NY Oswego
0%
MN Otsego
0%
MD Overlea
0%
FL Oviedo
0%
MN Owatonna
0%
MD Owings Mills
0%
MI Owosso
0%
MD Oxon Hill
0%
AL | MO Ozark
0%
FL Pace
0%
CA Pacific Grove
0%
PR Pájaros
0%
FL Palatka
0%
NJ Palisades Park
0%
FL Palm City
0%
FL Palmer Ranch
0%
FL Palmetto
0%
FL Palmetto Bay
0%
FL Palmetto Estates
0%
FL Palm Harbor
0%
FL Palm River-Clair Mel
0%
FL Palm Valley
0%
TX Palmview
0%
IL Palos Heights
0%
IL Palos Hills
0%
TX Pampa
0%
FL Panama City Beach
0%
AR Paragould
0%
NJ Paramus
0%
IL Park Ridge
0%
CA Parkway
0%
CA Parlier
0%
MD Parole
0%
NJ Parsippany
0%
FL Pasadena Hills
0%
MS Pascagoula
0%
OH Pataskala
0%
NY Patchogue
0%
AZ | UT Payson
0%
GA Peachtree Corners
0%
NY Pearl River
0%
FL Pebble Creek
0%
TX Pecan Grove
0%
NY Peekskill
0%
IL Pekin
0%
AL Pelham
0%
IA Pella
0%
AL Pell City
0%
OR Pendleton
0%
MD Perry Hall
0%
OH Perrysburg
0%
IN Peru
0%
CA Phelan
0%
NJ Phillipsburg
0%
MS Picayune
0%
OH Pickerington
0%
WA Picnic Point
0%
CA Piedmont
0%
DE Pike Creek Valley
0%
AL Pike Road
0%
MD Pikesville
0%
FL Pine Castle
0%
FL Pinecrest
0%
FL Pine Ridge
0%
NC Piney Green
0%
IL Pingree Grove
0%
CA Pinole
0%
CA Placentia
0%
CA Placerville
0%
NY | TX Plainview
0%
WI Platteville
0%
UT Pleasant Grove
0%
CA | IA Pleasant Hill
0%
WI Pleasant Prairie
0%
UT Pleasant View
0%
NJ Pleasantville
0%
WI Plover
0%
FL Poinciana
0%
NJ Point Pleasant
0%
NJ Pompton Lakes
0%
NJ Pompton Plains
0%
OK Ponca City
0%
GA Pooler
0%
NM Portales
0%
WA Port Angeles
0%
FL Port Charlotte
0%
NY Port Chester
0%
CA Port Hueneme
0%
MI Port Huron
0%
TX Port Lavaca
0%
TX Port Neches
0%
WA Port Orchard
0%
SC Port Royal
0%
FL Port Salerno
0%
FL Port St. John
0%
WA Port Townsend
0%
NY | WI Port Washington
0%
GA Port Wentworth
0%
MD Potomac
0%
CA Potomac Park
0%
PA Pottsville
0%
WA Poulsbo
0%
CA Poway
0%
GA Powder Springs
0%
SC Powdersville
0%
WA Prairie Ridge
0%
KS Prairie Village
0%
LA Prairieville
0%
AL Prattville
0%
NJ Preakness
0%
AL Prichard
0%
NJ Princeton Meadows
0%
OR Prineville
0%
MN Prior Lake
0%
PA Progress
0%
FL Progress Village
0%
IL Prospect Heights
0%
TX Prosper
0%
CA Prunedale
0%
CO Pueblo West
0%
WA Pullman
0%
FL Punta Gorda
0%
CA Quartz Hill
0%
KY Radcliff
0%
VA Radford
0%
NJ Rahway
0%
AL Rainbow City
0%
CA Ramona
0%
MN | NJ Ramsey
0%
CA Rancho Mirage
0%
CA Rancho Mission Viejo
0%
CA Rancho San Diego
0%
MD Randallstown
0%
IL Rantoul
0%
ID Rathdrum
0%
TX Raymondville
0%
MO Raymore
0%
MO Raytown
0%
GA Redan
0%
NJ | SC | TN Red Bank
0%
CA Red Bluff
0%
SC Red Hill
0%
TX Red Oak
0%
CA Reedley
0%
WI Reedsburg
0%
NC Reidsville
0%
MD Reisterstown
0%
TX Rendon
0%
MO Republic
0%
VA Reston
0%
FL Richmond West
0%
IL Richton Park
0%
CA Ridgecrest
0%
NJ | WA Ridgefield
0%
NJ Ridgefield Park
0%
MS Ridgeland
0%
NJ Ridgewood
0%
CO Rifle
0%
GA Rincon
0%
NJ Ringwood
0%
TX Rio Grande City
0%
CA Rio Linda
0%
AZ Rio Rico
0%
CA Rio Vista
0%
CA Ripon
0%
CA Riverbank
0%
NJ River Edge
0%
IL River Forest
0%
IL River Grove
0%
LA River Ridge
0%
FL | MD Riviera Beach
0%
NC Roanoke Rapids
0%
MN Robbinsdale
0%
NJ Robertsville
0%
TX Robstown
0%
FL Rockledge
0%
NY Rockville Centre
0%
TX Rockwall
0%
NY Rocky Point
0%
NY Roessleville
0%
CA Rohnert Park
0%
NC Rolesville
0%
MO Rolla
0%
IL Rolling Meadows
0%
MI Romulus
0%
NY Ronkonkoma
0%
CA Rosamond
0%
MD Rosaryville
0%
IL Roscoe
0%
OR Roseburg
0%
IL | NJ Roselle
0%
NJ Roselle Park
0%
MN Rosemount
0%
TX Rosenberg
0%
PA Roslyn
0%
CA Rossmoor
0%
MD Rossville
0%
FL Rotonda
0%
IL Round Lake
0%
IL Round Lake Beach
0%
CA Rowland Heights
0%
HI Royal Kunia
0%
TX Royse City
0%
FL Ruskin
0%
AL | AR Russellville
0%
LA Ruston
0%
NJ Rutherford
0%
TX Sachse
0%
AZ Saddlebrooke
0%
FL Safety Harbor
0%
AZ Safford
0%
AZ Sahuarita
0%
AL Saks
0%
WI Salem Lakes
0%
CA Salida
0%
WA Salmon Creek
0%
CA San Anselmo
0%
TX San Benito
0%
FL San Carlos Park
0%
CA San Diego Country Estates
0%
CA San Dimas
0%
OK Sand Springs
0%
TX San Elizario
0%
CA Sanger
0%
PR San Germán
0%
CA San Juan Capistrano
0%
CA San Lorenzo
0%
CA San Marino
0%
CA San Pablo
0%
CA Santa Fe Springs
0%
CA Santa Paula
0%
UT Santaquin
0%
OK Sapulpa
0%
AL Saraland
0%
FL Sarasota Springs
0%
MN Sartell
0%
FL Satellite Beach
0%
MN Sauk Rapids
0%
MN Savage
0%
NJ Sayreville
0%
NY Sayville
0%
MD Scaggsville
0%
TX Scenic Oaks
0%
IN Schererville
0%
IL Schiller Park
0%
HI Schofield Barracks
0%
NY Scotchtown
0%
AL Scottsboro
0%
CA Scotts Valley
0%
MD | TX Seabrook
0%
TX Seagoville
0%
CA Seal Beach
0%
AR Searcy
0%
CA Seaside
0%
FL Sebastian
0%
FL Sebring
0%
NJ Secaucus
0%
CO Security-Widefield
0%
MO Sedalia
0%
WA Sedro-Woolley
0%
TX Seguin
0%
NY Selden
0%
IN Sellersburg
0%
FL Seminole
0%
OH Seven Hills
0%
SC Seven Oaks
0%
CO Severance
0%
MD Severn
0%
MD Severna Park
0%
TN Sevierville
0%
IN | TN Seymour
0%
FL Shady Hills
0%
CA Shafter
0%
MN Shakopee
0%
PA Sharon
0%
OH Sharonville
0%
CA Shasta Lake
0%
LA Shenandoah
0%
KY Shepherdsville
0%
CO Sherrelwood
0%
IL | OH | PA Shiloh
0%
NY Shirley
0%
KY Shively
0%
MN Shoreview
0%
IL | WI Shorewood
0%
NJ Short Hills
0%
VA Short Pump
0%
NJ Sicklerville
0%
CA Sierra Madre
0%
AZ Sierra Vista Southeast
0%
CA Signal Hill
0%
MO Sikeston
0%
AR Siloam Springs
0%
WA Silverdale
0%
WA Silver Firs
0%
FL Silver Springs Shores
0%
SC Simpsonville
0%
NY Sleepy Hollow
0%
LA Slidell
0%
GA Snellville
0%
WA Snoqualmie
0%
TX Snyder
0%
SC Socastee
0%
TN Soddy-Daisy
0%
CA Solana Beach
0%
CA Soledad
0%
NJ Somers Point
0%
NH Somersworth
0%
AZ Somerton
0%
CA Sonoma
0%
TX Sonterra
0%
CA Soquel
0%
FL South Bradenton
0%
FL Southchase
0%
FL South Daytona
0%
IL South Elgin
0%
NC Southern Pines
0%
NY South Farmingdale
0%
IL South Holland
0%
CA South Lake Tahoe
0%
MD South Laurel
0%
MI South Lyon
0%
FL South Miami Heights
0%
UT South Ogden
0%
CA South Pasadena
0%
NJ South Plainfield
0%
VA South Riding
0%
NJ South River
0%
CA South San Jose Hills
0%
MN South St. Paul
0%
FL South Venice
0%
MA South Yarmouth
0%
WA Spanaway
0%
UT Spanish Fork
0%
AL Spanish Fort
0%
MO Spanish Lake
0%
NV Spanish Springs
0%
IN Speedway
0%
NC Spout Springs
0%
OH Springboro
0%
NC Stallings
0%
UT Stansbury Park
0%
MS Starkville
0%
NC Statesville
0%
CO Steamboat Springs
0%
TX Steiner Ranch
0%
CA Stevenson Ranch
0%
OR St. Helens
0%
GA Stockbridge
0%
GA Stonecrest
0%
VA Stone Ridge
0%
NY Stony Brook
0%
IA Storm Lake
0%
WI Stoughton
0%
IL Streamwood
0%
IL Streator
0%
GA St. Simons
0%
FL Stuart
0%
VA Stuarts Draft
0%
MI Sturgis
0%
WI Suamico
0%
VA Sudley
0%
NY Suffern
0%
VA Sugarland Run
0%
FL Sugarmill Woods
0%
CA Suisun City
0%
MD Suitland
0%
LA Sulphur
0%
TX Sulphur Springs
0%
MD | NC Summerfield
0%
NV Summerlin South
0%
IL | NJ Summit
0%
FL Sun City Center
0%
AZ Sun City West
0%
AZ Sun Lakes
0%
NM Sunland Park
0%
FL Sunny Isles Beach
0%
NV Sun Valley
0%
CA Sun Village
0%
GA Suwanee
0%
IL Swansea
0%
OR Sweet Home
0%
FL | TX Sweetwater
0%
IL Sycamore
0%
AL Sylacauga
0%
NY Syosset
0%
OK Tahlequah
0%
MD Takoma Park
0%
AL Talladega
0%
CA Tamalpais-Homestead Valley
0%
FL Tamiami
0%
AZ Tanque Verde
0%
NC Tarboro
0%
FL Tarpon Springs
0%
FL Tavares
0%
IL Taylorville
0%
WV Teays Valley
0%
SC Tega Cay
0%
CA Temescal Valley
0%
FL Temple Terrace
0%
NJ Tenafly
0%
WA Terrace Heights
0%
TX Terrell
0%
LA Terrytown
0%
NY Terryville
0%
FL The Acreage
0%
TX The Colony
0%
FL The Crossings
0%
OR The Dalles
0%
FL The Hammocks
0%
CO The Pinery
0%
LA Thibodaux
0%
FL Thonotosassa
0%
FL Three Lakes
0%
OH Tiffin
0%
GA Tifton
0%
OR Tigard
0%
AL Tillmans Corner
0%
LA Timberlane
0%
TX Timberwood Park
0%
MD Timonium
0%
IL Tinley Park
0%
NJ Tinton Falls
0%
OH Tipp City
0%
TX Tomball
0%
UT Tooele
0%
NJ Totowa
0%
MO Town and Country
0%
MD Towson
0%
MD Travilah
0%
UT Tremonton
0%
VA Triangle
0%
FL Trinity
0%
TX Trophy Club
0%
OH Trotwood
0%
OR Troutdale
0%
PR Trujillo Alto
0%
CT Trumbull Center
0%
AL Trussville
0%
OR Tualatin
0%
VA Tuckahoe
0%
GA Tucker
0%
AZ Tucson Estates
0%
AZ Tucson Mountains
0%
WA Tukwila
0%
TN Tullahoma
0%
WA Tumwater
0%
CA Twentynine Palms
0%
WI Two Rivers
0%
VA Tysons
0%
NY Uniondale
0%
WA Union Hill-Novelty Hill
0%
TX Universal City
0%
CA University of California-Santa Barbara
0%
WA University Place
0%
FL Upper Grand Lagoon
0%
NJ Upper Montclair
0%
MN Vadnais Heights
0%
AZ Vail
0%
AZ Valencia West
0%
CA Valinda
0%
CA Valle Vista
0%
CA Valley Center
0%
RI Valley Falls
0%
NY Valley Stream
0%
FL Valrico
0%
OH Vandalia
0%
OH Van Wert
0%
PR Vega Baja
0%
AZ Verde Village
0%
UT Vernal
0%
IL Vernon Hills
0%
FL Vero Beach South
0%
WI Verona
0%
KY Versailles
0%
FL Viera East
0%
FL Viera West
0%
CA View Park-Windsor Hills
0%
IL Villa Park
0%
GA Villa Rica
0%
FL Villas
0%
IN Vincennes
0%
CA | UT Vineyard
0%
GA Vinings
0%
IN Wabash
0%
MN Waconia
0%
SC Wade Hampton
0%
OH Wadsworth
0%
LA Waggaman
0%
HI Wahiawa
0%
HI Waianae
0%
HI Waihee-Waiehu
0%
HI Wailuku
0%
HI Waimalu
0%
HI Waipio
0%
NJ Waldwick
0%
MD Walker Mill
0%
CT Wallingford Center
0%
NJ Wallington
0%
CA Walnut Park
0%
NJ Wanaque
0%
NY Wantagh
0%
OK Warr Acres
0%
MO Warrensburg
0%
OH Warrensville Heights
0%
VA Warrenton
0%
IL Warrenville
0%
CA Wasco
0%
OH Washington Court House
0%
WA Washougal
0%
TX Watauga
0%
NY Watervliet
0%
IL Wauconda
0%
IA Waukee
0%
WI Waunakee
0%
WI Waupun
0%
IA | MI Waverly
0%
TX Waxahachie
0%
NC Waxhaw
0%
GA Waycross
0%
OK | TX Weatherford
0%
MO Webb City
0%
TX Webster
0%
MO Webster Groves
0%
NC Weddington
0%
PA Weigelstown
0%
FL Wekiwa Springs
0%
CO Welby
0%
TX Wells Branch
0%
NC Wendell
0%
MO Wentzville
0%
TX Weslaco
0%
FL Wesley Chapel
0%
NY West Babylon
0%
NY Westbury
0%
OH West Carrollton
0%
CA West Carson
0%
FL Westchase
0%
SC West Columbia
0%
IL Western Springs
0%
VA West Falls Church
0%
NJ West Freehold
0%
NY West Glens Falls
0%
NY West Haverstraw
0%
NY West Islip
0%
FL West Lealman
0%
OR West Linn
0%
FL West Little River
0%
PA West Mifflin
0%
LA West Monroe
0%
CA | IL | NJ Westmont
0%
TX West Odessa
0%
FL West Pensacola
0%
FL West Perrine
0%
MD Westphalia
0%
MO West Plains
0%
CA West Puente Valley
0%
CA West Rancho Dominguez
0%
VA West Springfield
0%
TX West University Place
0%
FL West Vero Corridor
0%
CA West Whittier-Los Nietos
0%
FL Westwood Lakes
0%
IL | MD Wheaton
0%
CO Wheat Ridge
0%
WA White Center
0%
OR White City
0%
WI Whitefish Bay
0%
NJ White Horse
0%
TN White House
0%
MD White Marsh
0%
MD | OH White Oak
0%
TX White Settlement
0%
IN Whitestown
0%
NV Whitney
0%
CA Wildomar
0%
FL | MO Wildwood
0%
PA Wilkinsburg
0%
CT Willimantic
0%
MN Willmar
0%
CA Willowbrook
0%
PA Willow Grove
0%
IL Wilmette
0%
GA Wilmington Island
0%
OR Wilsonville
0%
FL Wilton Manors
0%
FL Wimauma
0%
GA Winder
0%
IL | KS Winfield
0%
IL Winnetka
0%
FL Winter Garden
0%
CA Winter Gardens
0%
CA Winton
0%
WI Wisconsin Rapids
0%
MI Wixom
0%
MA Woburn
0%
VA Wolf Trap
0%
OR Woodburn
0%
CA Woodcrest
0%
IL Wood Dale
0%
MI Woodhaven
0%
WA Woodinville
0%
MD | VA Woodlawn
0%
LA | NY Woodmere
0%
IL Wood River
0%
UT Woods Cross
0%
GA | IL Woodstock
0%
OK Woodward
0%
FL World Golf Village
0%
FL Wright
0%
MI Wyandotte
0%
VA Wyndham
0%
PA Wyomissing
0%
PR Yauco
0%
MS Yazoo City
0%
PA Yeadon
0%
WA Yelm
0%
CA Yucca Valley
0%
FL Yulee
0%
FL Zephyrhills
0%
No matching quizzes found
Score Distribution
Percent of People with Each Score
Percentile by Number Answered
Your Score History
You have not taken this quiz